| 000 | 00517nam a22001217a 4500 | ||
|---|---|---|---|
| 040 | _cSK | ||
| 082 | _a332 | ||
| 100 | _aជួង សុផល | ||
| 245 | _aSustainable development poverty reduction and good governance in cambodia; ការអភិវឌ្ឍន៍ដោយចីរភាពការកាត់បន្ថយភាពក្រីក្រ និងអភិបាលកិច្ចល្អនៅកម្ពុជា | ||
| 260 |
_aPHnom Penh _bជួង _c2002 |
||
| 300 | _a384p. | ||
| 942 | _cKB | ||
| 999 |
_c9533 _d9533 |
||